[Event "AUTO-OPEN-3390"]
[Site "http://www.queenalice.com/game.php?id=1325482"]
[Date "2014.12.1"]
[Round "1"]
[White "LUKK"]
[Black "lpessoa"]
[Result "1-0"]
[WhiteElo "2596"]
[BlackElo "1768"]

1. g4 d5 2. Bg2 e5 3. c4 dxc4 4. Nc3 c6 5. Nf3 Bd6 6. d4 Bxg4 7. Nxe5 Bxe5 8.
dxe5 Na6 9. Qa4 Bd7 10. Ne4 Qc7 11. Nd6+ Kf8 12. Qxc4 Be6 13. Qc3 Ne7 14. Rg1
Nd5 15. Bxd5 Bxd5 16. e6 Qxd6 17. Qxg7+ Ke8 18. Qxf7+ Kd8 19. Qf6+ Kc7 20. Bf4
Raf8 21. Qe7+ Kb6 22. Qxd6 Nc5 23. Be3 Rhg8 24. Qxc5+ Kc7 25. Rxg8 Rxg8 26. Bf4+
Kc8 27. Qe7 Rg1+ 28. Kd2 Rxa1 29. Qd7# 1-0

[Event "AUTO-OPEN-3390"]
[Site "http://www.queenalice.com/game.php?id=1325483"]
[Date "2014.12.1"]
[Round "1"]
[White "lpessoa"]
[Black "princesher"]
[Result "0-1"]
[WhiteElo "1733"]
[BlackElo "1933"]

1. e4 e5 2. Nf3 d6 3. h3 h6 4. Bc4 Nf6 5. d3 a5 6. Be3 c6 7. Nc3 b5 8. Bxb5 cxb5
9. Nxb5 a4 10. Qd2 Bd7 11. Na3 Qa5 12. Nc4 Qxd2+ 13. Bxd2 Nc6 14. a3 Ra6 15. O-O
g5 16. Bb4 Nxb4 17. axb4 Bb5 18. Ne3 Kd7 19. b3 axb3 20. Rxa6 Bxa6 21. cxb3 Bxd3
22. Rd1 Bxe4 23. Nc4 Kc6 24. Rc1 Kb5 25. Rd1 Bxf3 26. gxf3 d5 27. Nxe5 Kxb4 28.
Rd3 Rh7 29. Kg2 Kc5 30. Ng4 Nxg4 31. fxg4 d4 32. Kf3 Bg7 33. Ke4 Rh8 34. f4 Re8+
35. Kf3 gxf4 36. Kxf4 Re2 37. h4 Rc2 38. g5 hxg5+ 39. hxg5 Kd5 40. Kf3 Ke5 41.
Kg4 Ke4 42. Rg3 d3 43. Rg1 d2 44. Rd1 Ke3 45. Rh1 Rc1 46. Rh3+ Kd4 47. b4 d1=Q+
48. Kh4 Rb1 49. b5 Rxb5 50. g6 Bf6+ 51. Kg3 Rb3+ 52. Kf4 Be5+ 53. Kf5 fxg6+ 54.
Kxg6 Qg4+ 0-1

[Event "AUTO-OPEN-3390"]
[Site "http://www.queenalice.com/game.php?id=1325484"]
[Date "2014.12.1"]
[Round "1"]
[White "princesher"]
[Black "lpessoa"]
[Result "1-0"]
[WhiteElo "1953"]
[BlackElo "1706"]

1. e4 d5 2. e5 Bf5 3. d4 e6 4. Nd2 Nc6 5. c3 Be7 6. Bb5 Qd7 7. Bxc6 Qxc6 8. Qe2
Bg5 9. Ngf3 Bg4 10. O-O h5 11. h3 Bxf3 12. Nxf3 Bxc1 13. Rfxc1 O-O-O 14. Ng5 Rd7
15. Qf3 f5 16. Kh2 g6 17. h4 Nh6 18. Qe2 a6 19. f3 Nf7 20. Nxf7 Rxf7 21. f4 b5
22. b4 Qd7 23. a4 bxa4 24. Qxa6+ Kd8 25. Qxa4 Ke7 26. Qxd7+ Kxd7 27. Ra6 Rb8 28.
Rca1 Rb7 29. Ra7 Rxa7 30. Rxa7 Rf8 31. Kg3 Kc6 32. Ra6+ Kd7 33. Kf3 Rb8 34. Ke3
Rb6 35. Ra8 Ke7 36. Kd2 Rb7 37. Kc2 c6 38. Rc8 Ra7 39. Kb2 Ra6 40. Rb8 Ra7 41.
Rh8 Ra6 42. Rh7+ Kf8 43. Rd7 Rb6 44. Ra7 Rb8 45. g3 Rb6 46. Kb3 Rb8 47. Ka4 Kg8
48. Ka5 Rb5+ 49. Ka6 Rb8 50. Re7 Ra8+ 51. Kb6 Ra3 52. Rxe6 Rxc3 53. Rxg6+ Kf7
54. Rxc6 Rxg3 55. Rf6+ Ke7 56. Rxf5 Rg4 57. Rxh5 Rxf4 58. Kc5 Kf7 59. Kxd5 Kg6
60. Rh8 Kg7 61. Rb8 Rxh4 62. b5 Rh2 63. e6 Rh5+ 64. Kd6 Rxb5 65. Rxb5 1-0

[Event "AUTO-INT-2873"]
[Site "http://www.queenalice.com/game.php?id=1328522"]
[Date "2014.12.16"]
[Round "2"]
[White "lpessoa"]
[Black "limonajar"]
[Result "1-0"]
[WhiteElo "1742"]
[BlackElo "1859"]

1. e4 e5 2. Bc4 Nf6 3. d3 Nc6 4. Be3 Be7 5. Nf3 O-O 6. Ng5 d5 7. exd5 Nxd5 8.
Qf3 Bxg5 9. Bxd5 Nb4 10. Bb3 Bf6 11. a3 Nc6 12. h3 e4 13. Qxe4 Bxb2 14. Ra2 Bf6
15. c3 Ne7 16. Bc5 Re8 17. O-O Nf5 18. Qf3 Nh4 19. Qf4 Be5 20. Qxf7+ Kh8 21. d4
Bf6 22. Rd2 b6 23. Rfd1 bxc5 24. dxc5 Qe7 25. Qxe7 Bxe7 26. Re1 Bb7 27. Bd5 c6
28. Bf7 Bg5 29. Rxe8+ Rxe8 30. Bxe8 Bxd2 31. Nxd2 a5 32. Nc4 a4 33. Na5 Ba8 34.
Bxc6 Bxc6 35. Nxc6 g5 36. Ne5 Nf5 37. Nf7+ Kg7 38. Nxg5 Ne7 39. Ne4 h5 40. c4
Nc6 41. Nc3 Kf6 42. Nxa4 Ke5 43. f3 Kd4 44. f4 Kxc4 45. g4 hxg4 46. hxg4 Kd4 47.
Kg2 Ke4 48. Kg3 Ne7 49. g5 Kf5 50. Kf3 Nc6 51. Nb6 Na5 52. Nd7 Nc6 53. a4 Ke6
54. Ne5 1-0

[Event "AUTO-INT-2873"]
[Site "http://www.queenalice.com/game.php?id=1328523"]
[Date "2014.12.16"]
[Round "2"]
[White "limonajar"]
[Black "lpessoa"]
[Result "1-0"]
[WhiteElo "1800"]
[BlackElo "1766"]

1. d4 d5 2. g3 Bf5 3. Bg2 e6 4. Nf3 Nc6 5. Nc3 Nb4 6. e4 dxe4 7. Nh4 h6 8. Nxe4
Bxe4 9. Bxe4 Nc6 10. Bxc6+ bxc6 11. Qf3 Qd7 12. Bf4 Qxd4 13. O-O Bd6 14. Qxc6+
Ke7 15. Qxa8 Bxf4 16. Ng2 Bg5 17. Rad1 Qxd1 18. Rxd1 Kf6 19. f4 Bxf4 20. Nxf4 g5
21. Ne2 Kg7 22. Rd8 h5 23. Qxa7 Nf6 24. Qxc7 Rxd8 25. Qxd8 h4 26. a4 Kg6 27. a5
Nd5 28. a6 hxg3 29. Nxg3 Nb4 30. Ne4 Nxc2 31. Qxg5+ Kh7 32. Nf6+ Kh8 33. Qh6#
1-0

[Event "AUTO-ADV-3336"]
[Site "http://www.queenalice.com/game.php?id=1335177"]
[Date "2015.1.16"]
[Round "1"]
[White "silent1"]
[Black "lpessoa"]
[Result "1-0"]
[WhiteElo "1792"]
[BlackElo "1735"]

1. d4 d5 2. c4 dxc4 3. Nc3 b6 4. e4 Ba6 5. Nf3 e6 6. Be2 Bb4 7. a3 Bxc3+ 8. bxc3
Nf6 9. O-O Nxe4 10. Bb2 Nc6 11. Qc2 Nf6 12. Rfd1 b5 13. Ne5 Nxe5 14. dxe5 Nd7
15. a4 c6 16. Ba3 Qg5 17. Bd6 h5 18. axb5 Bxb5 19. Rf1 h4 20. h3 Nb6 21. Qc1
Qxc1 22. Rfxc1 Rd8 23. Bc7 Rd7 24. Bd6 Nc8 25. Rd1 a6 26. Rd4 Nxd6 27. Rxd6 Rxd6
28. exd6 Kd7 29. Rd1 a5 30. Rd4 a4 31. Rd2 f5 32. Kf1 a3 33. Ra2 Ra8 34. g3 hxg3
35. fxg3 Kxd6 36. h4 Ke5 37. Bf3 g6 38. Ke2 Ra7 39. Ke3 c5 40. Be2 Ra4 41. Bd1
Ra8 42. Bf3 Kf6 43. Bxa8 e5 44. Rxa3 Bd7 45. Ra6+ Kf7 46. Bd5+ Ke8 47. Bc6 Bxc6
48. Rxc6 Ke7 49. Rxg6 Kd7 50. h5 e4 51. h6 Ke7 52. h7 Kf7 53. Rg8 f4+ 54. gxf4
Kf6 55. h8=Q+ Kf5 56. Rg5+ Ke6 57. Qh6+ Kd7 58. Rg7+ Ke8 59. Qh8# 1-0

[Event "AUTO-ADV-3336"]
[Site "http://www.queenalice.com/game.php?id=1335178"]
[Date "2015.1.16"]
[Round "1"]
[White "lpessoa"]
[Black "silent1"]
[Result "1/2-1/2"]
[WhiteElo "1721"]
[BlackElo "1806"]

1. d4 d5 2. Bf4 e6 3. Nc3 Nf6 4. e3 Bd6 5. Bxd6 Qxd6 6. Nf3 O-O 7. Ne5 c6 8. Bd3
Nbd7 9. Nxd7 Bxd7 10. Qf3 e5 11. dxe5 Qxe5 12. O-O-O Bg4 13. Qg3 Qxg3 14. hxg3
Bxd1 15. Kxd1 h6 16. Ne2 Ng4 17. Rf1 Ne5 18. Nf4 Nxd3 19. Nxd3 Rfe8 20. Nc5 b6
21. Na6 Re7 22. Nb4 Re6 23. f4 Rxe3 24. Nxc6 Rxg3 25. Rf2 Re3 26. c3 Kf8 27. Kd2
Re6 28. Nb4 Rd8 29. Kc2 Red6 30. Kb3 d4 31. c4 d3 32. Rd2 R8d7 33. Kc3 f5 34.
Nxd3 Ke7 35. b4 g5 36. fxg5 hxg5 37. g3 f4 38. gxf4 gxf4 39. Re2+ Re6 40. Rf2
Rxd3+ 41. Kxd3 Rf6 42. Ke4 f3 43. Rxf3 Re6+ 44. Kd3 Rd6+ 45. Kc3 Rd7 46. a4 Kd6
47. Rd3+ Kc6 48. Rxd7 Kxd7 49. Kd4 Kd6 50. c5+ bxc5+ 51. bxc5+ Kc6 52. Kc4 Kc7
53. Kb5 Kb7 54. c6+ Kc7 55. a5 Kc8 56. Kc5 Kc7 57. a6 Kc8 58. Kd6 Kd8 59. c7+
Kc8 60. Kc6 1/2-1/2

[Event "AUTO-ADV-3336"]
[Site "http://www.queenalice.com/game.php?id=1335191"]
[Date "2015.1.16"]
[Round "1"]
[White "ribeiro"]
[Black "lpessoa"]
[Result "1-0"]
[WhiteElo "1696"]
[BlackElo "1724"]

1. f4 d5 2. e3 Bf5 3. d4 Nc6 4. c3 e6 5. Bb5 Qd7 6. Nf3 a6 7. Qa4 Bd6 8. Ne5
Bxe5 9. fxe5 Nh6 10. Bxc6 bxc6 11. b4 Bd3 12. Kd2 Bb5 13. Qa5 O-O 14. a4 Bc4 15.
Na3 Ng4 16. Nxc4 dxc4 17. Ba3 Rfc8 18. Raf1 Qd5 19. Qxd5 cxd5 20. h3 Nh6 21. g4
c6 22. g5 Nf5 23. Rh2 a5 24. Rb1 axb4 25. Rxb4 Rcb8 26. Rxb8+ Rxb8 27. Kc1 Nxe3
28. Bb4 Ra8 29. a5 Nf5 30. Ra2 Nh4 31. a6 Nf3 32. Be7 Ra7 33. Bc5 Ra8 34. a7
Nxg5 35. Rb2 g6 36. Rb8+ Rxb8 37. axb8=Q+ Kg7 38. Qf8# 1-0

[Event "AUTO-ADV-3336"]
[Site "http://www.queenalice.com/game.php?id=1335192"]
[Date "2015.1.16"]
[Round "1"]
[White "lpessoa"]
[Black "ribeiro"]
[Result "1-0"]
[WhiteElo "1707"]
[BlackElo "1713"]

1. e4 e5 2. Nf3 Nc6 3. Bc4 f6 4. d3 d6 5. Be3 Bg4 6. h3 Bxf3 7. Qxf3 Qd7 8. Nc3
Nd4 9. Bxd4 exd4 10. Nb5 c5 11. Qg4 a6 12. Qxd7+ Kxd7 13. Na3 b5 14. Bxg8 Rxg8
15. O-O-O g6 16. g4 h5 17. f4 Bh6 18. Rhf1 Rae8 19. Nb1 hxg4 20. hxg4 g5 21. f5
Bg7 22. Rh1 b4 23. Rh7 a5 24. Rdh1 a4 25. R1h6 Kc6 26. Rg6 Bh8 27. Nd2 Rxg6 28.
fxg6 Rg8 29. g7 Bxg7 30. Nc4 d5 31. exd5+ Kxd5 32. Nb6+ Kc6 33. Nxa4 Kb5 34. b3
Kc6 35. Nb2 Bh8 36. Nc4 Rf8 37. Kd2 Ra8 38. Re7 Rxa2 39. Re6+ Kd5 40. Rd6# 1-0

[Event "AUTO-ADV-3336"]
[Site "http://www.queenalice.com/game.php?id=1335199"]
[Date "2015.1.16"]
[Round "1"]
[White "jlpbarreto"]
[Black "lpessoa"]
[Result "1/2-1/2"]
[WhiteElo "1844"]
[BlackElo "1738"]

1. e4 e5 2. Nf3 d6 3. d4 exd4 4. Nxd4 h6 5. Nc3 Nf6 6. Bc4 Be7 7. O-O O-O 8. Kh1
a6 9. h3 Bd7 10. Qf3 Nc6 11. Nf5 Bxf5 12. exf5 Nd4 13. Qg3 Nxf5 14. Qd3 Qd7 15.
Re1 b5 16. Bb3 Rfe8 17. Bd2 c5 18. Bd5 c4 19. Qf3 Nd4 20. Qd1 Nxd5 21. Nxd5 Qb7
22. Ne3 Bg5 23. c3 Ne6 24. Nf5 Qc6 25. Bxg5 hxg5 26. Qxd6 Qxd6 27. Nxd6 Red8 28.
Rad1 Ra7 29. Nf5 Rxd1 30. Rxd1 g6 31. Ne3 Kg7 32. g3 f5 33. Kg2 Kf6 34. b4 cxb3
35. axb3 Rc7 36. Nd5+ Ke5 37. Nxc7 Nxc7 38. Kf3 Nd5 39. c4 Nc3 40. cxb5 Nxb5 41.
Ra1 Nd4+ 42. Kg2 Nxb3 43. Rxa6 f4 44. Rxg6 fxg3 45. fxg3 Kf5 46. Rg8 Nd4 47. g4+
Kf6 48. Rd8 Ne6 49. Rd6 Ke5 50. Rxe6+ Kxe6 51. Kf3 Ke5 52. Ke3 Kd5 53. Kf3 Ke5
54. Kg3 Kf6 55. Kg2 Ke5 56. Kf3 1/2-1/2

[Event "AUTO-ADV-3336"]
[Site "http://www.queenalice.com/game.php?id=1335200"]
[Date "2015.1.16"]
[Round "1"]
[White "lpessoa"]
[Black "jlpbarreto"]
[Result "0-1"]
[WhiteElo "1751"]
[BlackElo "1831"]

1. d4 Nf6 2. Bf4 e6 3. Nc3 d6 4. Bg5 Be7 5. e4 Nbd7 6. Bb5 O-O 7. Nf3 b6 8. Bc6
Rb8 9. h3 h6 10. Bh4 Bb7 11. Bxd7 Qxd7 12. Qe2 c5 13. e5 Nd5 14. dxc5 Nf4 15.
Bxe7 Nxe2 16. Bxf8 Rxf8 17. Kxe2 Bxf3+ 18. gxf3 d5 19. cxb6 axb6 20. Rhd1 Rc8
21. Rd3 d4 22. Rd2 Rd8 23. a3 Qc7 24. Ne4 Qxe5 25. Rad1 f5 26. c3 fxe4 27. Rxd4
exf3+ 28. Kxf3 Rf8+ 29. Kg2 Qg5+ 30. Kf1 Qg3 31. R1d2 Qxh3+ 32. Ke1 Qf5 33. Rd6
Rb8 34. Kd1 h5 35. R6d4 Qf6 36. Kc2 h4 37. f3 h3 38. Rh2 Qxf3 39. Rd3 Qf5 40.
Rxh3 Rd8 41. Rf3 Rxd3 42. Rxf5 Rxc3+ 43. bxc3 exf5 44. Kd3 Kf8 45. Kd4 Ke7 46.
Ke5 g6 47. a4 Kd7 48. c4 Kc6 49. Kd4 f4 50. Ke4 g5 51. Kd4 f3 52. Ke3 g4 53. Kf2
Kc5 54. Kg3 Kxc4 55. Kxg4 f2 0-1

[Event "AUTO-ADV-3350"]
[Site "http://www.queenalice.com/game.php?id=1340025"]
[Date "2015.2.7"]
[Round "1"]
[White "mvson33"]
[Black "lpessoa"]
[Result "1-0"]
[WhiteElo "1961"]
[BlackElo "1725"]

1. Nf3 d5 2. d4 Bf5 3. Bf4 e6 4. e3 Nc6 5. a3 h6 6. c4 dxc4 7. Bxc4 Bd6 8. Bxd6
Qxd6 9. O-O Bg4 10. Nc3 Na5 11. Ba2 Nf6 12. Rc1 O-O 13. Bb1 Bxf3 14. Qxf3 Nc4
15. Qe2 Nb6 16. Qd3 e5 17. dxe5 Qxe5 18. Ne4 Nxe4 19. Qxe4 Qxe4 20. Bxe4 c6 21.
Rfd1 Rad8 22. Kf1 Rfe8 23. Bc2 Nc4 24. Rb1 Rxd1+ 25. Rxd1 Nxb2 26. Rb1 Nc4 27.
Rxb7 Nxa3 28. Bb3 Rf8 29. Rxa7 Nb1 30. Ba2 Nc3 31. Bc4 Ne4 32. Rc7 Nd2+ 33. Ke2
Nxc4 34. Rxc6 Ne5 35. Rc5 Re8 36. Rc2 g5 37. Rd2 Ra8 38. h3 Kg7 39. Rc2 Ra4 40.
Rd2 Ra3 41. Rc2 f6 42. Rd2 Rb3 43. Rc2 Rb7 44. Rd2 Rb1 45. Rd1 Rxd1 46. Kxd1 Kg6
47. Ke2 Kf5 48. f3 h5 49. g3 g4 50. hxg4+ hxg4 51. f4 Ng6 52. Kd3 Ke6 53. Kd4
Nh4 54. e4 Ng2 55. Kd3 Kd6 56. Ke2 Kc5 57. Kf2 Kd4 58. e5 1-0

[Event "AUTO-ADV-3350"]
[Site "http://www.queenalice.com/game.php?id=1340026"]
[Date "2015.2.7"]
[Round "1"]
[White "lpessoa"]
[Black "mvson33"]
[Result "0-1"]
[WhiteElo "1740"]
[BlackElo "1965"]

1. d4 Nf6 2. Bf4 d5 3. e3 Bg4 4. Be2 Bxe2 5. Nxe2 e6 6. a3 c5 7. Qd3 Nc6 8. dxc5
Bxc5 9. Nbc3 O-O 10. Bg5 Be7 11. Nf4 Rc8 12. h4 a6 13. h5 Ne5 14. Qe2 h6 15.
Bxf6 Bxf6 16. O-O Nc4 17. b3 Bxc3 18. bxc4 Bxa1 19. Rxa1 Rxc4 20. Rc1 Qa5 21.
Nd3 Qxa3 22. Qd2 Rfc8 23. Ne1 Qc3 24. Qxc3 Rxc3 25. Kf1 b5 26. Ke2 b4 27. Kd2 b3
28. Nd3 Rxc2+ 29. Rxc2 Rxc2+ 30. Kd1 a5 31. g4 a4 32. Nc1 Rxf2 33. Nd3 Rc2 34.
Nb4 Rc3 35. Kd2 Rc4 36. Nd3 a3 37. Nc1 b2 38. Nd3 b1=Q 39. Ke2 Qc2+ 40. Kf3 Qxd3
41. Kg3 Qxe3+ 42. Kh4 Qg5+ 43. Kg3 Rc3+ 44. Kf2 Qd2+ 45. Kf1 Rc1# 0-1

[Event "AUTO-ADV-3350"]
[Site "http://www.queenalice.com/game.php?id=1340037"]
[Date "2015.2.7"]
[Round "1"]
[White "JMCanedo"]
[Black "lpessoa"]
[Result "1-0"]
[WhiteElo "1709"]
[BlackElo "1762"]

1. e4 e5 2. Nf3 d6 3. d4 exd4 4. Nxd4 h6 5. Bc4 a6 6. O-O Be7 7. Qh5 g6 8. Qf3
Nf6 9. Qb3 O-O 10. Bxh6 Re8 11. Bxf7+ Kh7 12. Bxe8 Qxe8 13. Bg5 Nxe4 14. Bxe7
Nd2 15. Nxd2 Qxe7 16. Rae1 Qf7 17. Qxf7+ Kh6 18. Re4 Bf5 19. Rh4+ Kg5 20. Qe7#
1-0

[Event "AUTO-ADV-3350"]
[Site "http://www.queenalice.com/game.php?id=1340038"]
[Date "2015.2.7"]
[Round "1"]
[White "lpessoa"]
[Black "JMCanedo"]
[Result "0-1"]
[WhiteElo "1771"]
[BlackElo "1811"]

1. e4 e6 2. d4 d5 3. e5 c5 4. Nf3 Nc6 5. dxc5 Bxc5 6. Bb5 Qb6 7. Bxc6+ bxc6 8.
O-O Ba6 9. Re1 Bxf2+ 10. Kh1 Bxe1 11. Qxe1 Ne7 12. Nc3 c5 13. Qg3 Nf5 14. Qg4
Qb4 15. Qxb4 cxb4 16. Nd1 Rc8 17. c3 bxc3 18. Nxc3 f6 19. Be3 Nxe3 20. exf6 gxf6
21. Re1 Kf7 22. Rxe3 Rhd8 23. Re1 d4 24. Ne4 Rc2 25. Rb1 d3 26. Ne1 d2 27. Nxd2
Rcxd2 28. h3 Rd1 29. Rxd1 Rxd1 30. Kg1 Rxe1+ 31. Kf2 Re2+ 32. Kf3 Kg6 33. b3 Kf5
34. g4+ Kg5 35. a4 e5 36. b4 e4+ 37. Kg3 Re3+ 38. Kg2 Bc4 39. b5 Kf4 40. a5 Bxb5
41. g5 fxg5 42. Kf2 Re2+ 43. Kg1 Kg3 44. Kf1 Re3+ 45. Kg1 Re1# 0-1

[Event "AUTO-ADV-3350"]
[Site "http://www.queenalice.com/game.php?id=1340043"]
[Date "2015.2.7"]
[Round "1"]
[White "silent1"]
[Black "lpessoa"]
[Result "1-0"]
[WhiteElo "1821"]
[BlackElo "1718"]

1. d4 d5 2. c4 e6 3. Nc3 Bd7 4. e3 dxc4 5. Bxc4 a6 6. Nf3 b5 7. Bd3 Bc6 8. Be4
Bxe4 9. Nxe4 Nf6 10. Nxf6+ Qxf6 11. O-O Bd6 12. a3 Nd7 13. Bd2 Nb6 14. b3 c6 15.
e4 e5 16. Nxe5 Bxe5 17. dxe5 Qxe5 18. Ba5 Nd7 19. Qc1 c5 20. Bc3 Qh5 21. Qe3 O-O
22. Qg3 f6 23. Qd3 Rad8 24. Qf3 Qxf3 25. gxf3 Ne5 26. Bxe5 fxe5 27. Kg2 Rd3 28.
Rfb1 Rfd8 29. Rb2 R8d4 30. Rc1 c4 31. bxc4 Rxc4 32. Rxc4 bxc4 33. Rb8+ Kf7 34.
Rb7+ Kf6 35. Rb6+ Kg5 36. Rxa6 g6 37. Ra5 Kf4 38. Ra6 c3 39. Rf6+ Kg5 40. Rc6 h5
41. a4 h4 42. a5 Kh5 43. a6 c2 44. Rxc2 Ra3 45. Rc5 Rxa6 46. Rxe5+ Kh6 47. f4
Rf6 48. Kf3 Kh7 49. Kg4 Kh6 50. Kxh4 Rxf4+ 51. Kg3 g5 52. f3 Kh5 53. Re8 Rf6 54.
Rh8+ Kg6 55. h4 gxh4+ 56. Rxh4 Kf7 57. Rf4 1-0

[Event "AUTO-ADV-3350"]
[Site "http://www.queenalice.com/game.php?id=1340044"]
[Date "2015.2.7"]
[Round "1"]
[White "lpessoa"]
[Black "silent1"]
[Result "1-0"]
[WhiteElo "1721"]
[BlackElo "1807"]

1. d4 d5 2. Bf4 e6 3. a3 Be7 4. Nc3 a6 5. e3 Nf6 6. Be5 Nbd7 7. Bd3 O-O 8. Qf3
Nb6 9. Qh3 h6 10. Qg3 Bd6 11. e4 Bxe5 12. dxe5 Nh7 13. Nge2 d4 14. Nd1 Qg5 15.
h4 Qxg3 16. Nxg3 c5 17. f3 Bd7 18. Nf2 Bc6 19. Ne2 Nd7 20. Ng4 f6 21. exf6 Nhxf6
22. Nxf6+ Nxf6 23. Nf4 e5 24. Ne6 Rf7 25. Nxc5 Nh5 26. Rg1 Rff8 27. O-O-O Nf4
28. Bc4+ Kh8 29. g3 Ng6 30. Rdf1 Rf6 31. h5 Nf8 32. g4 Rd6 33. b4 b5 34. Bb3 Nd7
35. g5 Nxc5 36. bxc5 a5 37. cxd6 Rb8 38. gxh6 gxh6 39. Rg6 Kh7 40. Rfg1 1-0

[Event "AUTO-OPEN-3432"]
[Site "http://www.queenalice.com/game.php?id=1340275"]
[Date "2015.2.9"]
[Round "1"]
[White "roqqk"]
[Black "lpessoa"]
[Result "1-0"]
[WhiteElo "1726"]
[BlackElo "1771"]

1. e4 b6 2. d4 Bb7 3. Nc3 d5 4. Qf3 e6 5. Bf4 dxe4 6. Nxe4 Qxd4 7. Nf6+ Qxf6 8.
Qxb7 Qxb2 9. Rd1 Bb4+ 10. Bd2 Qe5+ 11. Ne2 Bxd2+ 12. Rxd2 Ne7 13. Qxa8 O-O 14.
Qxa7 Nec6 15. Qa4 b5 16. Qf4 Qa1+ 17. Rd1 Qxa2 18. Nd4 Qa5+ 19. Ke2 Nxd4+ 20.
Qxd4 c6 21. g3 f6 22. Bh3 Kf7 23. Ra1 Qc7 24. Ra7 Qxa7 25. Qxa7+ Kg6 26. Bxe6
Kh6 27. Bf5 Kg5 28. Qxg7+ Kxf5 29. Qxf8 Nd7 30. Qc8 Ke6 31. Qxc6+ Ke7 32. Rd1
Ne5 33. Qxb5 Ke6 34. g4 Nxg4 35. Qd5+ Ke7 36. Qd7+ Kf8 37. Qxg4 h6 38. Rd7 h5
39. Qg7+ Ke8 40. Qe7# 1-0

[Event "AUTO-OPEN-3432"]
[Site "http://www.queenalice.com/game.php?id=1340276"]
[Date "2015.2.9"]
[Round "1"]
[White "lpessoa"]
[Black "roqqk"]
[Result "0-1"]
[WhiteElo "1753"]
[BlackElo "1702"]

1. e4 e5 2. Nf3 d6 3. Bc4 Bg4 4. h3 Bd7 5. d3 Nc6 6. Ng5 Be6 7. Bxe6 fxe6 8.
Nxe6 Qe7 9. Qg4 Nd4 10. Na3 Nxe6 11. h4 h6 12. Be3 O-O-O 13. Bxa7 b6 14. Nc4 d5
15. Nxe5 h5 16. Qf3 Nd4 17. Qh3+ Kb7 18. Bxb6 Kxb6 19. Ng6 Qc5 20. Nxh8 Nxc2+
21. Ke2 Nxa1 22. exd5 Qc2+ 23. Ke3 Bc5+ 24. Kf4 Rf8+ 25. Kg5 Qd2+ 26. Kxh5 Qh6+
27. Kg4 Qf4+ 28. Kh5 Qh6+ 29. Kg4 Rf4+ 30. Kg3 Bd6 31. f3 Rxh4+ 32. Kf2 Rxh3 33.
Rxh3 Qd2+ 34. Kf1 Qxd3+ 35. Ke1 Qxd5 36. Rh4 Bg3+ 37. Ke2 Bxh4 38. g3 Bxg3 39.
a4 Nf6 40. b4 Qa2+ 41. Ke3 Qxa4 42. Ng6 Qxb4 43. f4 Qe4+ 44. Kd2 Qxg6 0-1

[Event "AUTO-OPEN-3432"]
[Site "http://www.queenalice.com/game.php?id=1340299"]
[Date "2015.2.9"]
[Round "1"]
[White "miltonloviski"]
[Black "lpessoa"]
[Result "1-0"]
[WhiteElo "2021"]
[BlackElo "1777"]

1. e4 e5 2. Nf3 d6 3. Bc4 Bg4 4. h3 Bh5 5. g4 Bg6 6. d3 h6 7. g5 h5 8. Nh4 Be7
9. Nxg6 fxg6 10. Qf3 Nc6 11. Qf7+ Kd7 12. Be6# 1-0

[Event "AUTO-OPEN-3432"]
[Site "http://www.queenalice.com/game.php?id=1340300"]
[Date "2015.2.9"]
[Round "1"]
[White "lpessoa"]
[Black "miltonloviski"]
[Result "0-1"]
[WhiteElo "1723"]
[BlackElo "2066"]

1. d4 d5 2. Nc3 Nf6 3. Bf4 a6 4. e3 Bf5 5. h3 h6 6. Be5 Nc6 7. Bxf6 exf6 8. g3
Bb4 9. Qd2 Na7 10. a3 Ba5 11. b4 Bb6 12. Bd3 g6 13. Bxf5 gxf5 14. Nf3 Qd6 15.
Nh4 Qe6 16. Na4 Nc6 17. c3 Ba7 18. Nc5 Bxc5 19. bxc5 Na5 20. Rb1 b6 21. cxb6
cxb6 22. O-O Nc4 23. Qc1 b5 24. Nf3 h5 25. h4 Rg8 26. Kh2 Qd6 27. Ra1 Qc7 28.
Nd2 Nxe3 29. fxe3 Qxg3+ 30. Kh1 Qg2# 0-1

[Event "AUTO-OPEN-3432"]
[Site "http://www.queenalice.com/game.php?id=1340313"]
[Date "2015.2.9"]
[Round "1"]
[White "luizpessoa"]
[Black "lpessoa"]
[Result "1/2-1/2"]
[WhiteElo "1736"]
[BlackElo "1763"]

1. d4 d5 2. Nc3 e6 3. Bf4 Bd6 4. Qd2 Bb4 5. a3 Bxc3 6. Qxc3 Nc6 7. Nf3 h6 8. e3
Nf6 9. Ne5 Bd7 10. Bb5 Ne4 11. Qb3 a6 12. Bd3 b5 13. Bxe4 dxe4 14. Qc3 O-O 15.
Nxc6 Bxc6 16. Qxc6 Ra7 17. Qxe4 Qe7 18. d5 Re8 19. dxe6 fxe6 20. O-O c5 21. Qf3
e5 22. Bg3 a5 23. e4 c4 24. Rad1 Rf8 25. Qh5 b4 26. Bxe5 Rd7 27. axb4 axb4 28.
g3 Re8 29. Rxd7 Qxd7 30. Rd1 Rxe5 31. Rxd7 Rxh5 32. e5 1/2-1/2

[Event "AUTO-OPEN-3432"]
[Site "http://www.queenalice.com/game.php?id=1340314"]
[Date "2015.2.9"]
[Round "1"]
[White "lpessoa"]
[Black "luizpessoa"]
[Result "1-0"]
[WhiteElo "1762"]
[BlackElo "1737"]

1. d4 d5 2. Nc3 Bf5 3. Bf4 a6 4. e3 e6 5. h3 Nc6 6. Bd3 Bxd3 7. Qxd3 Be7 8. Nf3
Bb4 9. a3 Ba5 10. b4 Bb6 11. Na4 h6 12. Nxb6 cxb6 13. O-O Nf6 14. Ne5 g5 15.
Nxc6 bxc6 16. Be5 Rg8 17. c4 Ne4 18. cxd5 cxd5 19. Rac1 a5 20. b5 f6 21. Bg3
Nxg3 22. fxg3 f5 23. Rc6 Kf7 24. g4 Ke7 25. gxf5 Rf8 26. Rxe6+ Kd7 27. Rxh6 Kc8
28. f6 Rh8 29. Qf5+ Kb8 30. Qxg5 Rxh6 31. Qxh6 Qf8 32. Qxf8+ Ka7 33. Qe7+ Kb8
34. f7 Ra7 35. f8=Q# 1-0